E-government in Practice of Entrepreneur

Pre hospodársky rozvoj krajín sveta je potrebné inovovať rôzne oblasti. Niet už pochýb o tom, že hnacou silou hospodárskeho rozvoja v regióne 21. storočia je, a bude, elektronizácia, digitalizácia a všetko, čo s ňou súvisí.

Guardado en:
Detalles Bibliográficos
Autor principal: Kmeťová, Oľga, 1959-
Otros Autores: Freňáková, Magdaléna, 1981-
Formato: Capítulo de libro
Lenguaje:inglés
Materias:
Etiquetas: Agregar Etiqueta
Sin Etiquetas, Sea el primero en etiquetar este registro!

MARC

LEADER 00000naa a2200000 4500
001 0251124
005 20240502074028.4
041 0 |a eng 
044 |a SK 
245 1 0 |a E-government in Practice of Entrepreneur  |c Oľga Kmeťová, Magdaléna Freňáková 
520 |a Pre hospodársky rozvoj krajín sveta je potrebné inovovať rôzne oblasti. Niet už pochýb o tom, že hnacou silou hospodárskeho rozvoja v regióne 21. storočia je, a bude, elektronizácia, digitalizácia a všetko, čo s ňou súvisí. 
610 2 0 |a podnikanie 
610 2 0 |a podnikanie elektronické 
610 2 0 |a podnikatelia 
610 2 0 |a digitalizácia 
610 2 0 |a informatizácia 
610 2 0 |a technológie nové 
610 2 0 |a technológie informačné 
610 2 0 |a technológie komunikačné 
100 1 |a Kmeťová, Oľga, 1959- 
700 1 |a Freňáková, Magdaléna, 1981-